000 00876nam a22002175i 4500
001 53708
003 ES-MaACL
005 20250718184450.0
007 t|
008 980304s1895 sp ||||1| spa d
040 _aCAM
_bspa
_cCAM
100 1 _aFernández Duro, Cesáreo,
_d1830-1908
_949752
245 1 0 _aHernán Tello Portocarrero y Manuel de Vega Cabeza de Vaca, capitanes de gloriosa memoria
_b: bosquejo leído ante la Real Academia de la Historia en la junta pública celebrada el día 19 de mayo de 1895 /
_cpor Cesáreo Fernández Duro.
260 _aMadrid :
_b[s.n.],
_c1895 (
_fFortanet)
300 _a70 p. ;
_c29 cm.
600 1 4 _aTello Portocarrero, Hernán.
_9109659
600 1 4 _aVega Cabeza de Vaca, Manuel de.
_9113590
710 2 _aReal Academia de la Historia (España)
_96309
852 _aES-MaACL
_jF-2214
999 _c53708
_d53708